000
00221nam a2200085Ia 4500
008
120527s9999 xx 000 0 und d
100
_a
Eroschenko, P.
245
_a
Atlas of Histology with functional correlation
942
_c
BK
999
_c
27327
_d
27327